[Event "Titled Tuesday intern op 02nd Nov"]
[Site "Chess.com INT"]
[Date "2021.11.02"]
[Round "6"]
[White "Lazavik, Denis"]
[Black "Alavi, Sayed Javad"]
[Result "1/2-1/2"]
[WhiteElo "2465"]
[BlackElo "2455"]
[PlyCount "137"]
[EventDate "2021.11.02"]
[EventType "swiss (blitz)"]
[EventRounds "11"]
[EventCountry "USA"]
[SourceTitle "CBM 205 Extra"]
[Source "ChessBase"]
[SourceDate "2022.01.31"]
[SourceVersion "1"]
[SourceVersionDate "2022.01.31"]
[SourceQuality "1"]

1. d4 Nf6 2. c4 e6 3. Nf3 Bb4+ 4. Bd2 a5 5. g3 d5 6. Bg2 0-0 7. 0-0 dxc4 8. Qc2 Bxd2 9. Nbxd2 b5 10. a4 c6 11. b3 cxb3 12. Nxb3 Ba6 13. Rfd1 bxa4 14. Nc5 Bb5 15. Ne5 Nd5 16. Nxa4 Na6 17. e4 Nab4 18. Qd2 Bxa4 19. Rxa4 Nb6 20. Raa1 Qd6 21. Rac1 Rfd8 22. h4 h6 23. g4 a4 24. g5 Qxe5 25. dxe5 Rxd2 26. Rxd2 hxg5 27. hxg5 a3 28. Bf1 a2 29. Ra1 c5 30. Rd6 Na4 31. Bc4 Nb2 32. Bxa2 c4 33. Rb6 Ra4 34. Kg2 c3 35. Rxb4 Rxb4 36. Rc1 Na4 37. Bb1 g6 38. Bc2 Nc5 39. Kf3 Rb2 40. Ke3 Rb4 41. f4 Kg7 42. Bd3 Rb3 43. Kd4 Nxd3 44. Kxd3 Rb2 45. Rxc3 Rh2 46. Rc4 Rh3+ 47. Ke2 Rh2+ 48. Ke3 Rh3+ 49. Kf2 Rh2+ 50. Kg3 Rd2 51. Rc3 Rd4 52. Re3 Ra4 53. Kf3 Rb4 54. Re1 Rb3+ 55. Kg4 Rb4 56. Re2 Ra4 57. Kf3 Ra3+ 58. Re3 Ra4 59. Rc3 Rb4 60. Ke3 Ra4 61. Kd3 Rb4 62. Rc7 Rb3+ 63. Ke2 Rb2+ 64. Kf3 Rb3+ 65. Kg4 Rb4 66. Kf3 Rb3+ 67. Ke2 Rb2+ 68. Ke3 Rb3+ 69. Ke2 1/2-1/2

[Event "Sharjah Masters 4th"]
[Site "Sharjah"]
[Date "2021.09.25"]
[Round "9"]
[White "Hakobyan, Aram"]
[Black "Alavi, Sayed Javad"]
[Result "0-1"]
[WhiteElo "2621"]
[BlackElo "2437"]
[PlyCount "82"]
[EventDate "2021.09.17"]
[EventType "swiss"]
[EventRounds "9"]
[EventCountry "UAE"]
[SourceTitle "CBM 204 Extra"]
[Source "ChessBase"]
[SourceDate "2021.11.30"]
[SourceVersion "1"]
[SourceVersionDate "2021.11.30"]
[SourceQuality "1"]

1. d4 Nf6 2. Nf3 e6 3. Bf4 d5 4. e3 Bd6 5. Ne5 0-0 6. Nd2 c5 7. c3 b6 8. h4 Qc7 9. h5 Nfd7 10. Ndf3 Nc6 11. Nxc6 Qxc6 12. g4 f6 13. h6 g6 14. Bg2 Bb7 15. Bxd6 Qxd6 16. Qb3 c4 17. Qc2 e5 18. 0-0-0 e4 19. Nh4 Qe6 20. f3 exf3 21. Bxf3 Qxe3+ 22. Kb1 Qg5 23. Qh2 Rf7 24. Rde1 Nf8 25. Qd6 Rd7 26. Qg3 Qxh6 27. g5 Qxg5 28. Qh2 Rad8 29. Reg1 Qe3 30. Rg3 Qf4 31. Qh3 Rg7 32. Ng2 Qd6 33. Ne3 Bc8 34. Qh4 Be6 35. a3 g5 36. Qh2 f5 37. Rhg1 g4 38. Qh4 Ng6 39. Qh6 Qf4 40. Qh5 gxf3 41. Rxf3 Qh4 0-1

[Event "Sharjah Masters 4th"]
[Site "Sharjah"]
[Date "2021.09.22"]
[Round "6"]
[White "Al Hosani, Omran"]
[Black "Alavi, Sayed Javad"]
[Result "0-1"]
[WhiteElo "2173"]
[BlackElo "2437"]
[PlyCount "76"]
[EventDate "2021.09.17"]
[EventType "swiss"]
[EventRounds "9"]
[EventCountry "UAE"]
[SourceTitle "CBM 204 Extra"]
[Source "ChessBase"]
[SourceDate "2021.11.30"]
[SourceVersion "1"]
[SourceVersionDate "2021.11.30"]
[SourceQuality "1"]

1. d4 Nf6 2. c4 e6 3. Nc3 Bb4 4. a3 Bxc3+ 5. bxc3 0-0 6. f3 d5 7. cxd5 exd5 8. e3 c5 9. Bd3 b6 10. Ne2 Re8 11. 0-0 Ba6 12. Bxa6 Nxa6 13. Ng3 Nc7 14. Ra2 Ne6 15. Raf2 h5 16. e4 h4 17. Nf5 dxe4 18. Nxg7 e3 19. Bxe3 Kxg7 20. f4 cxd4 21. cxd4 Nc7 22. Bc1 Ncd5 23. Qf3 Rc8 24. Qh3 Rh8 25. f5 Rc3 26. Rf3 Rxf3 27. gxf3 Nf4 28. Bxf4 Qxd4+ 29. Kh1 Qxf4 30. Qg2+ Kh7 31. Qa2 Rf8 32. Qc2 Rg8 33. Qc6 Qxf5 34. Qc4 Qh5 35. Qd4 Qg5 36. Qd3+ Qg6 37. Qe2 h3 38. Qg2 hxg2+ 0-1

[Event "Sharjah Masters 4th"]
[Site "Sharjah"]
[Date "2021.09.21"]
[Round "5"]
[White "Paravyan, David"]
[Black "Alavi, Sayed Javad"]
[Result "1-0"]
[WhiteElo "2660"]
[BlackElo "2437"]
[PlyCount "63"]
[EventDate "2021.09.17"]
[EventType "swiss"]
[EventRounds "9"]
[EventCountry "UAE"]
[SourceTitle "CBM 204 Extra"]
[Source "ChessBase"]
[SourceDate "2021.11.30"]
[SourceVersion "1"]
[SourceVersionDate "2021.11.30"]
[SourceQuality "1"]

1. d4 Nf6 2. c4 e6 3. Nf3 d5 4. Nc3 c5 5. cxd5 Nxd5 6. e4 Nxc3 7. bxc3 cxd4 8. cxd4 Bb4+ 9. Bd2 Bxd2+ 10. Qxd2 0-0 11. h4 b6 12. Bd3 Bb7 13. 0-0 Nd7 14. a4 a5 15. Rfe1 h6 16. Bb5 Nf6 17. Qf4 Qb8 18. Ne5 Qd6 19. Rad1 Rac8 20. g4 Rc3 21. g5 Nh5 22. Qg4 g6 23. gxh6 Kh7 24. Qg5 Bc8 25. Be2 Qd8 26. Bxh5 Qxg5+ 27. hxg5 gxh5 28. Rc1 Ra3 29. Rc7 Rxa4 30. Rec1 Ba6 31. Nxf7 Kg6 32. Nd8 1-0

[Event "Titled Tuesday intern op 17th Aug"]
[Site "Chess.com INT"]
[Date "2021.08.17"]
[Round "2"]
[White "Cremisi, Daniel Josef"]
[Black "Alavi, Sayed Javad"]
[Result "0-1"]
[WhiteElo "2148"]
[BlackElo "2432"]
[PlyCount "98"]
[EventDate "2021.08.17"]
[EventType "swiss (blitz)"]
[EventRounds "11"]
[EventCountry "USA"]
[SourceTitle "EXT 2022"]
[Source "ChessBase"]
[SourceDate "2021.10.06"]
[SourceVersion "1"]
[SourceVersionDate "2021.10.06"]
[SourceQuality "1"]

1. Nf3 d5 2. d4 Nf6 3. c4 c6 4. cxd5 cxd5 5. Nc3 e6 6. Bf4 Bd6 7. Bxd6 Qxd6 8. e3 0-0 9. Bd3 Bd7 10. 0-0 Bc6 11. Ne5 Nbd7 12. Nxd7 Nxd7 13. Rc1 f5 14. f4 Rfc8 15. Qb3 Rc7 16. Rc2 Rac8 17. Rfc1 Nf6 18. h3 h6 19. a3 g5 20. g3 gxf4 21. gxf4 Rg7+ 22. Rg2 Rxg2+ 23. Kxg2 Kf7 24. Rg1 Rg8+ 25. Kf2 Qe7 26. Qd1 Ne4+ 27. Bxe4 Qh4+ 28. Ke2 Rxg1 29. Qxg1 dxe4 30. Qg2 Be8 31. Nd1 Kf8 32. Kd2 Bh5 33. Nc3 Kf7 34. Qf1 a6 35. Kc2 Qg3 36. Qc4 Qxe3 37. Qc7+ Kg8 38. Qd8+ Kg7 39. Qc7+ Bf7 40. Qe5+ Kg6 41. d5 exd5 42. Qd6+ Kh5 43. Qf6 Bg6 44. Qe5 d4 45. Nd5 Qd3+ 46. Kc1 e3 47. Nf6+ Kh4 48. Qe7 e2 49. Ng4+ Kg3 0-1

[Event "Titled Tuesday intern op 10th Aug"]
[Site "Chess.com INT"]
[Date "2021.08.10"]
[Round "4"]
[White "Alavi, Sayed Javad"]
[Black "Chen, Forest"]
[Result "0-1"]
[WhiteElo "2432"]
[BlackElo "2242"]
[PlyCount "96"]
[EventDate "2021.08.10"]
[EventType "swiss (blitz)"]
[EventRounds "11"]
[EventCountry "USA"]
[SourceTitle "CBM 203 Extra"]
[Source "ChessBase"]
[SourceDate "2021.09.30"]
[SourceVersion "1"]
[SourceVersionDate "2021.09.30"]
[SourceQuality "1"]

1. e4 c6 2. d4 d5 3. Nd2 dxe4 4. Nxe4 Nf6 5. Nxf6+ exf6 6. c3 Bd6 7. Bd3 0-0 8. Qc2 Re8+ 9. Ne2 h5 10. 0-0 h4 11. h3 Nd7 12. Bd2 Nf8 13. Rae1 Bd7 14. f4 Qc7 15. c4 c5 16. d5 Rab8 17. a4 b6 18. b3 Re7 19. Qc1 Rbe8 20. f5 Bc8 21. Nc3 Bh2+ 22. Kh1 Bg3 23. Rxe7 Qxe7 24. Ne4 Bb8 25. Bf4 Be5 26. Qe1 Bxf5 27. Bxe5 Bxe4 28. Qxe4 fxe5 29. Qf5 g6 30. Qf3 Kg7 31. d6 Qe6 32. Qb7 Nd7 33. Be4 Qxd6 34. Bd5 Re7 35. Qxa7 e4 36. Qa8 e3 37. Re1 Nf6 38. Bf3 Qd2 39. Re2 Qd1+ 40. Kh2 Qxb3 41. Qd8 Rd7 42. Qb8 Rd2 43. a5 Rxe2 44. Bxe2 Qc2 45. axb6 Qxe2 46. b7 Qf2 47. Qc7 e2 48. b8Q e1Q 0-1

[Event "Titled Tuesday intern op 03rd Aug"]
[Site "Chess.com INT"]
[Date "2021.08.03"]
[Round "2"]
[White "Al Tarbosh, Ward"]
[Black "Alavi, Sayed Javad"]
[Result "0-1"]
[WhiteElo "2182"]
[BlackElo "2432"]
[PlyCount "108"]
[EventDate "2021.08.03"]
[EventType "swiss (blitz)"]
[EventRounds "11"]
[EventCountry "USA"]
[SourceTitle "CBM 203 Extra"]
[Source "ChessBase"]
[SourceDate "2021.09.30"]
[SourceVersion "1"]
[SourceVersionDate "2021.09.30"]
[SourceQuality "1"]

1. e4 c5 2. Nf3 e6 3. d4 cxd4 4. Nxd4 Nc6 5. Nc3 Qc7 6. Be3 a6 7. Qd2 Nf6 8. 0-0-0 Bb4 9. f3 Ne7 10. g4 Bxc3 11. Qxc3 Qxc3 12. bxc3 d5 13. g5 Nd7 14. h4 b5 15. h5 dxe4 16. fxe4 Bb7 17. Bg2 Rc8 18. h6 gxh6 19. Rxh6 Rxc3 20. Rd3 Rxd3 21. cxd3 Ne5 22. Kd2 Ng4 23. Rh1 Nxe3 24. Kxe3 Rg8 25. Nf3 Rg7 26. Rc1 Kd8 27. Bf1 Ng8 28. Ne5 h6 29. g6 fxg6 30. Bh3 g5 31. Bxe6 Nf6 32. Nf7+ Ke8 33. Nd6+ Kf8 34. e5 Nd5+ 35. Kf2 Nf4 36. Bf5 Re7 37. d4 Kg7 38. Bg4 Nd3+ 39. Ke3 Nxc1 40. Nf5+ Kf8 41. Nxe7 Kxe7 42. a3 Bd5 43. Kd2 Nb3+ 44. Kc3 Na5 45. Bc8 Bb7 46. Bf5 Nc6 47. Be4 a5 48. d5 Nxe5 49. d6+ Kxd6 50. Bxb7 Kc5 51. Ba8 b4+ 52. Kb3 bxa3 53. Kxa3 Kd4 54. Bg2 Ke3 0-1

[Event "Titled Tuesday intern op 03rd Aug"]
[Site "Chess.com INT"]
[Date "2021.08.03"]
[Round "6"]
[White "Alavi, Sayed Javad"]
[Black "Hjartarson, Johann"]
[Result "1-0"]
[WhiteElo "2432"]
[BlackElo "2519"]
[PlyCount "75"]
[EventDate "2021.08.03"]
[EventType "swiss (blitz)"]
[EventRounds "11"]
[EventCountry "USA"]
[SourceTitle "CBM 203 Extra"]
[Source "ChessBase"]
[SourceDate "2021.09.30"]
[SourceVersion "1"]
[SourceVersionDate "2021.09.30"]
[SourceQuality "1"]

1. e4 g6 2. d4 Bg7 3. c3 d6 4. Bc4 Nf6 5. Qe2 0-0 6. Nf3 Nc6 7. e5 dxe5 8. dxe5 Nd5 9. h3 Nb6 10. Bb3 Bf5 11. e6 f6 12. Bf4 a5 13. a4 Bd3 14. Qe3 Nd5 15. Qxd3 Nxf4 16. Qe4 Nd3+ 17. Ke2 Nc5 18. Qc4 b6 19. Rd1 Qc8 20. Na3 Kh8 21. Nb5 Rd8 22. Rxd8+ Nxd8 23. Nbd4 Qb7 24. Kf1 f5 25. Re1 Bf6 26. Bc2 Kg7 27. Kg1 Nc6 28. Nxc6 Qxc6 29. Nd4 Qb7 30. Bd1 Rd8 31. Bf3 Qa6 32. Nb5 Nd3 33. Qxc7 Nxe1 34. Qxd8 Nxf3+ 35. gxf3 Qb7 36. Kg2 Qc6 37. Nc7 Qc4 38. Ne8+ 1-0

[Event "Titled Tuesday intern op 03rd Aug"]
[Site "Chess.com INT"]
[Date "2021.08.03"]
[Round "10"]
[White "Anuj, Shrivatri"]
[Black "Alavi, Sayed Javad"]
[Result "0-1"]
[WhiteElo "2350"]
[BlackElo "2432"]
[PlyCount "100"]
[EventDate "2021.08.03"]
[EventType "swiss (blitz)"]
[EventRounds "11"]
[EventCountry "USA"]
[SourceTitle "CBM 203 Extra"]
[Source "ChessBase"]
[SourceDate "2021.09.30"]
[SourceVersion "1"]
[SourceVersionDate "2021.09.30"]
[SourceQuality "1"]

1. c4 e6 2. g3 d5 3. Bg2 Nf6 4. Nf3 dxc4 5. 0-0 a6 6. Qc2 Be7 7. Qxc4 b5 8. Qc2 Bb7 9. a4 Nbd7 10. Nc3 b4 11. Nd1 c5 12. d3 a5 13. Ne3 Nb6 14. b3 Nfd5 15. Bb2 Nxe3 16. fxe3 0-0 17. Ne5 Bxg2 18. Kxg2 Rc8 19. e4 Bf6 20. Rab1 Qe7 21. Rf3 Bxe5 22. Bxe5 f6 23. Bb2 e5 24. Bc1 Qe6 25. Be3 Nd7 26. Kh1 Rfd8 27. Rg1 Nb8 28. g4 h6 29. h4 Kf7 30. Rg2 Nc6 31. g5 hxg5 32. hxg5 Nd4 33. Bxd4 cxd4 34. Qd1 Rh8+ 35. Kg1 Rh3 36. gxf6 gxf6 37. Rf5 Rch8 38. Kf2 Rh2 39. Qg1 Rxg2+ 40. Qxg2 Qxb3 41. Qg5 Qe6 42. Qg1 b3 43. Qc1 Rc8 44. Qh6 Ke7 45. Rh5 b2 46. Qg6 b1Q 47. Rh7+ Kd6 48. Rf7 Qc1 49. Rxf6 Qf4+ 50. Rxf4 Qxg6 0-1

[Event "Paracin Orbis IM 4th"]
[Site "Paracin"]
[Date "2021.07.28"]
[Round "7"]
[White "Pavlov, Mark"]
[Black "Alavi, Sayed Javad"]
[Result "0-1"]
[WhiteElo "2195"]
[BlackElo "2445"]
[PlyCount "114"]
[EventDate "2021.07.24"]
[EventType "tourn"]
[EventRounds "9"]
[EventCountry "SRB"]
[SourceTitle "CBM 203 Extra"]
[Source "ChessBase"]
[SourceDate "2021.09.30"]
[SourceVersion "1"]
[SourceVersionDate "2021.09.30"]
[SourceQuality "1"]

1. d4 Nf6 2. Nf3 e6 3. e3 d5 4. Bd3 c5 5. b3 Be7 6. 0-0 0-0 7. Bb2 b6 8. c4 Bb7 9. Nbd2 Nbd7 10. cxd5 Nxd5 11. Rc1 a6 12. Qe2 b5 13. Rfd1 Rc8 14. Bb1 cxd4 15. Nxd4 Qa5 16. Ne4 Ba3 17. Rxc8 Rxc8 18. Ba1 Qd8 19. h3 Qe7 20. Nc2 Bc5 21. Nxc5 Qxc5 22. Ne1 Qc7 23. Nf3 Nf8 24. Qd2 Nc3 25. Bxc3 Qxc3 26. Qxc3 Rxc3 27. Ne5 f6 28. Nd3 a5 29. Rc1 Rxc1+ 30. Nxc1 b4 31. Bc2 Nd7 32. Nd3 Ba6 33. Nb2 Nc5 34. f3 g5 35. Kf2 h5 36. g3 h4 37. f4 gxf4 38. gxf4 f5 39. Kg1 Bb5 40. Kf2 Kf7 41. Ke1 Kf6 42. Nd1 e5 43. Kd2 Ne6 44. fxe5+ Kxe5 45. Bd3 Bc6 46. Ke1 Ng5 47. Bf1 f4 48. exf4+ Kxf4 49. Kf2 Bd7 50. Nb2 Nxh3+ 51. Bxh3 Bxh3 52. Nc4 Be6 53. Nxa5 Bd5 54. Nc4 Bxc4 55. bxc4 Ke4 56. c5 Kd5 57. Kf3 Kxc5 0-1